[Event "Krakow op-A"]
[Site "Krakow"]
[Date "2000.12.29"]
[Round "3"]
[White "Krzysztofiak, Marcin"]
[Black "Shishkin, Vadim"]
[Result "1/2-1/2"]
[WhiteElo "2230"]
[BlackElo "2415"]
[PlyCount "74"]
[EventDate "2000.12.??"]
[EventType "swiss"]
[EventRounds "9"]
[EventCountry "POL"]
[SourceTitle "EXT 2005"]
[Source "ChessBase"]
[SourceDate "2004.11.15"]
[SourceVersion "1"]
[SourceVersionDate "2004.11.15"]
[SourceQuality "1"]

1. d4 Nf6 2. Nf3 g6 3. Nc3 d5 4. Bf4 Bg7 5. e3 b6 6. Nb5 Na6 7. c4 0-0 8. Be2 Bb7 9. 0-0 c6 10. Nc3 c5 11. Be5 cxd4 12. Bxd4 Nc7 13. Rc1 dxc4 14. Bxc4 e6 15. Be5 Nfe8 16. Bxg7 Kxg7 17. Qd4+ Qxd4 18. Nxd4 Nd6 19. Be2 Rac8 20. Rfd1 Rfd8 21. Bf3 Bxf3 22. gxf3 Na6 23. Ncb5 Rxc1 24. Rxc1 Nxb5 25. Nxb5 Rd2 26. Nxa7 Nc5 27. Nc8 Nd3 28. Rc7 Nxf2 29. a4 Rxb2 30. Nd6 Nh3+ 31. Kh1 Ng5 32. h4 Nh3 33. Rxf7+ Kg8 34. Rd7 Nf2+ 35. Kg1 Nh3+ 36. Kh1 Nf2+ 37. Kg1 Nh3+ 1/2-1/2